000 00508nam a2200181Ia 4500
008 100917s9999 xx 000 0 und d
082 _b4238
100 _aअदवंत म. ना.
245 _aनस्ते उपदव्याप
260 _b---
_c1956
300 _a120
365 _b2
520 _aकादंबरी
630 _aनस्ते उपदव्याप
650 _aकादंबरी
730 _aनस्ते उपदव्याप
942 _cBOOK
999 _c609632
_d609629